Operations management for MBAs (Record no. 81589)

MARC details
000 -LEADER
fixed length control field 01316nam a2200253 a 4500
008 - FIXED-LENGTH DATA ELEMENTS--GENERAL INFORMATION
fixed length control field 120416s2002 ||||||||||||||||| || u
020 ## - INTERNATIONAL STANDARD BOOK NUMBER
International Standard Book Number 0471000604
050 ## - LIBRARY OF CONGRESS CALL NUMBER
Classification number TS 155 Mer
100 ## - MAIN ENTRY--PERSONAL NAME
Personal name Meredith, Jack R
245 10 - TITLE STATEMENT
Title Operations management for MBAs
Statement of responsibility, etc Jack R. Merredith; Scott M. Shafer
250 ## - EDITION STATEMENT
Edition statement 2nd ed.
260 ## - PUBLICATION, DISTRIBUTION, ETC. (IMPRINT)
Place of publication, distribution, etc Danvers, MA:
Name of publisher, distributor, etc John Wiley and Sons
Date of publication, distribution, etc 2002
300 ## - PHYSICAL DESCRIPTION
Extent xiii, 406p. : ill.
350 ## -
-- 0.00
650 #0 - SUBJECT ADDED ENTRY--TOPICAL TERM
Topical term or geographic name as entry element PRODUCTION MANAGEMENT
650 ## - SUBJECT ADDED ENTRY--TOPICAL TERM
Topical term or geographic name as entry element PRODUCTION
700 ## - ADDED ENTRY--PERSONAL NAME
Personal name Shafer, Scott M
856 ## - ELECTRONIC LOCATION AND ACCESS
Uniform Resource Identifier <a href="http://www.loc.gov/catdir/description/wiley036/2001026753.html">http://www.loc.gov/catdir/description/wiley036/2001026753.html</a>
856 ## - ELECTRONIC LOCATION AND ACCESS
Uniform Resource Identifier <a href="http://www.loc.gov/catdir/toc/wiley021/2001026753.html">http://www.loc.gov/catdir/toc/wiley021/2001026753.html</a>
995 ## - RECOMMENDATION 995 [LOCAL, UNIMARC FRANCE]
-- 0.00
-- CBU-MAIN LIBRARY (Kitwe)
-- 2
-- 15.00
-- 2
-- AVAILABLE
-- Annex Low-Usage Collection
995 ## - RECOMMENDATION 995 [LOCAL, UNIMARC FRANCE]
-- 0.00
-- CBU-MAIN LIBRARY (Kitwe)
-- 3
-- 15.00
-- 3
-- AVAILABLE
-- Main Library Open Access Collection
995 ## - RECOMMENDATION 995 [LOCAL, UNIMARC FRANCE]
-- 0.00
-- CBU-MAIN LIBRARY (Kitwe)
-- 1
-- 15.00
-- 1
-- AVAILABLE
-- Annex Low-Usage Collection
995 ## - RECOMMENDATION 995 [LOCAL, UNIMARC FRANCE]
-- 0.00
-- CBU-MAIN LIBRARY (Kitwe)
-- 1
-- 0.00
-- 1
-- AVAILABLE
-- Sep 17, 2007
-- Annex Low-Usage Collection
Holdings
Withdrawn status Lost status Source of classification or shelving scheme Damaged status Not for loan Permanent Location Current Location Date acquired Full call number Barcode Date last seen Copy number Price effective from Koha item type Shelving location Total Checkouts
          CBU-MAIN LIBRARY, KITWE. CBU-MAIN LIBRARY, KITWE. 09/05/2023 TS 155 Mer 40747 09/05/2023 2 09/05/2023 MONOGRAPH    
Withdrawn         CBU-MAIN LIBRARY, KITWE. CBU-MAIN LIBRARY, KITWE. 09/05/2023 TS 155 Mer 40746 09/05/2023 3 09/05/2023 MONOGRAPH    
          CBU-MAIN LIBRARY, KITWE. CBU-MAIN LIBRARY, KITWE. 09/05/2023 TS 155 Mer 40748 09/05/2023 4 09/05/2023 MONOGRAPH    
          CBU-MPIKA LIBRARY, MPIKA CAMPUS. CBU-MPIKA LIBRARY, MPIKA CAMPUS. 09/05/2023 TS 155 Mer 40745 09/05/2023 1 09/05/2023 MONOGRAPH